Estado posmoderno y globalización : transformación del Estado-nación argentino /
Guardado en:
| Otros Autores: | , |
|---|---|
| Formato: | Libro |
| Idioma: | Undetermined |
| Publicado: |
Buenos Aires :
Departamento de Publicaciones. Facultad de Derecho. Universidad de Buenos Aires,
2006.
|
| Edición: | 1a. ed. |
| Series: | Colección Investigaciones
|
| Materias: | |
| Etiquetas: |
Agregar Etiqueta
Sin Etiquetas, Sea el primero en etiquetar este registro!
|
| LEADER | 00710nam a22001815a 4500 | ||
|---|---|---|---|
| 001 | DER.der015655 | ||
| 008 | 260128s2006####ag############000#0#und#d | ||
| 005 | 20260128122032.0 | ||
| 245 | 1 | 0 | |a Estado posmoderno y globalización : |b transformación del Estado-nación argentino / |c coordinado por Tulio E. Ortiz y María Laura Pardo. |
| 250 | |a 1a. ed. | ||
| 260 | |a Buenos Aires : |b Departamento de Publicaciones. Facultad de Derecho. Universidad de Buenos Aires, |c 2006. | ||
| 300 | |a 141 p. | ||
| 490 | 1 | |a Colección Investigaciones | |
| 020 | |a 9502909402 | ||
| 700 | 1 | |a Ortiz, Tulio E., |e coord. | |
| 700 | 1 | |a Pardo, María Laura, |e coord. | |
| 650 | 7 | |a CIENCIAS POLÍTICAS | |
| 859 | |a DERECHO |b BIB. DERECHO |h 320.198 2 |i ORT |p 0010783 | ||
